000 00594nam a2200241 a 4500
001 nice12345678
003 IN_TiNIC
005 20260116012433.0
008 050524s1927 hyda grp 000 0 urd
020 _a
_c100
082 0 0 _a891.4391092
_bALI
100 _aAli, Mohd Sardar
245 _aHayat--kaifi
260 _aHyderabad
_bMarkazi Anjuman Taleemus Salat
_c1927
300 _a16p
500 _aincludes index and biblioraphy
505 2 _aIndex
650 _aUrdu-Poetry-kaifi-biography
700 1 _aAli, Mohd Sardar
902 _bSRS
942 _cBK
999 _c7024
_d7024